000
00259nam a22001097a 4500
008
180803b xxu||||| |||| 00| 0 eng d
082
_a
813.52
245
_a
Introducing Literature
_c
Glencoe
300
_a
3
_f
Cassette
440
_x
619698.03/7
942
_2
ddc
_c
MX
999
_c
46759
_d
46759